مكتبة جامعة عجلون الوطنية

فهرس بحث المكتبة

Normal view MARC view
  • أسماء الأماكن- الأسماء الجغرافية- الحضارات القديمة- عجلون (الأردن)- تاريح الأردن

Entry Topical Term

Number of records used in: 1

001 - CONTROL NUMBER

  • control field: 66459

003 - CONTROL NUMBER IDENTIFIER

  • control field: JO-AjAnu

005 - DATE AND TIME OF LATEST TRANSACTION

  • control field: 20250304105844.0

008 - FIXED-LENGTH DATA ELEMENTS

  • fixed length control field: 250304|| aca||babn | a|a d

040 ## - CATALOGING SOURCE

  • Original cataloging agency: JO-AjAnu

150 ## - HEADING--TOPICAL TERM

  • Topical term or geographic name entry element: أسماء الأماكن- الأسماء الجغرافية- الحضارات القديمة- عجلون (الأردن)- تاريح الأردن
  • Form subdivision: أسماء الأماكن- الأسماء الجغرافية- الحضارات القديمة- عجلون (الأردن)- تاريح الأردن